000 01132ny a22002893n 4500
005 20240305165333.0
008 060418s 000 0 eng d
022 _a0091-4169
035 _a2912
040 _aUPO.
_bspa
_dvLex
080 _a34
_x(05)
_x(0:004.738.5)
090 _c1638
_d1638
245 0 4 _aThe Journal of criminal law & criminology
_h[Recurso electrónico]
246 3 _aJournal of criminal law and criminology
256 _aServicio en línea
260 _aBaltimore :
_bWilliams & Wilkins
310 _aTrimestral
506 1 _aContenido solo disponible en los productos indicados
_dvLex Global
_dvLex Global (Academic Edition, excluding Law Schools)
_dvLex Global (Academic Edition, Law Schools)
650 0 4 _aCriminología
_xPublicaciones periódicas
650 0 4 _aInvestigaciones criminales
_xPublicaciones periódicas
710 2 _aNorthwestern University (Evanston, Ill.).
_bSchool of Law
740 _avLex Revista (Servicios en línea)
843 _aElectrónica. Abierta
853 _81
_i(year)
_j(month)
_k(day)
856 4 0 _uhttp://vlex.com/account/login_ip?fuente_id=2912
942 _cRAA
999 _c160103
_d160103